Gen 2 Pokedex - Statistics

General Stats
  • This quiz has been taken 4 times
  • The average score is 37 of 244
Answer Stats
Answer % Correct
Articuno
100%
Bayleef
100%
Chikorita
100%
Cyndaquil
100%
Feraligatr
100%
Meganium
100%
Mew
100%
Mewtwo
100%
Moltres
100%
Pidgeot
100%
Pidgeotto
100%
Pidgey
100%
Quilava
100%
Raikou
100%
Suicune
100%
Totodile
100%
Voltorb
100%
Zapdos
100%
Beedrill
50%
Blastoise
50%
Bulbasaur
50%
Celebi
50%
Charizard
50%
Charmander
50%
Charmeleon
50%
Croconaw
50%
Dragonair
50%
Dragonite
50%
Dratini
50%
Electrode
50%
Elekid
50%
Fearow
50%
Furret
50%
Girafarig
50%
Gligar
50%
Ho-Oh
50%
Hoothoot
50%
Ivysaur
50%
Kakuna
50%
Lugia
50%
Noctowl
50%
Pikachu
50%
Pineco
50%
Raticate
50%
Rattata
50%
Sentret
50%
Skarmory
50%
Slowbro
50%
Slowking
50%
Slowpoke
50%
Spearow
50%
Squirtle
50%
Typhlosion
50%
Venusaur
50%
Wartortle
50%
Weedle
50%
Abra
0%
Aerodactyl
0%
Aipom
0%
Alakazam
0%
Ampharos
0%
Arbok
0%
Arcanine
0%
Ariados
0%
Azumarill
0%
Bellossom
0%
Bellsprout
0%
Blissey
0%
Butterfree
0%
Caterpie
0%
Chansey
0%
Clefable
0%
Clefairy
0%
Cleff
0%
Cloyster
0%
Corsola
0%
Crobat
0%
Cubone
0%
Delibird
0%
Dewgong
0%
Diglett
0%
Ditto
0%
Dodrio
0%
Doduo
0%
Donphan
0%
Drowzee
0%
Dugtrio
0%
Dunsparce
0%
Eevee
0%
Ekans
0%
Electabuzz
0%
Espeon
0%
Exeggcute
0%
Exeggutor
0%
Farfetch'd
0%
Flaaffy
0%
Flareon
0%
Forretress
0%
Gastly
0%
Gengar
0%
Geodude
0%
Gloom
0%
Golbat
0%
Goldeen
0%
Golduck
0%
Golem
0%
Granbull
0%
Graveler
0%
Grimer
0%
Growlihte
0%
Gyarados
0%
Heracross
0%
Hitmonchan
0%
Hitmonlee
0%
Hitmontop
0%
Hoppip
0%
Horsea
0%
Houndoom
0%
Houndour
0%
Hypno
0%
Igglybuff
0%
Jigglypuff
0%
Jolteon
0%
Jumpluff
0%
Jynx
0%
Kabuto
0%
Kabutops
0%
Kadabra
0%
Kangaskhan
0%
Kingdra
0%
Kingler
0%
Koffing
0%
Krabby
0%
Lapras
0%
Larvitar
0%
Ledian
0%
Ledyba
0%
Machamp
0%
Machoke
0%
Machop
0%
Magby
0%
Magikarp
0%
Magmar
0%
Magnemite
0%
Magneton
0%
Mankey
0%
Mantine
0%
Mareep
0%
Marill
0%
Marowak
0%
Meowth
0%
Metapod
0%
Miltank
0%
Misdreavus
0%
Mr. Mime
0%
Muk
0%
Murkrow
0%
Natu
0%
Nidoking
0%
Nidoqueen
0%
Nidoran
0%
Nidorina
0%
Nidorino
0%
Ninetales
0%
Octillery
0%
Oddish
0%
Omanyte
0%
Omastar
0%
Onix
0%
Paras
0%
Parasect
0%
Persian
0%
Phanpy
0%
Pichu
0%
Piloswine
0%
Pinsir
0%
Politoed
0%
Poliwag
0%
Poliwhirl
0%
Poliwrath
0%
Ponyta
0%
Porygon
0%
Porygon2
0%
Primeape
0%
Psyduck
0%
Pupitar
0%
Quagsire
0%
Qwilfish
0%
Raichu
0%
Rapidash
0%
Remoraid
0%
Rhydon
0%
Rhyhorn
0%
Sandshrew
0%
Sandslash
0%
Scizor
0%
Scyther
0%
Seadra
0%
Seaking
0%
Seel
0%
Shellder
0%
Shuckle
0%
Skiploom
0%
Smeargle
0%
Smoochum
0%
Sneasel
0%
Snorlax
0%
Snubbull
0%
Spinarak
0%
Stantler
0%
Starmie
0%
Staryu
0%
Steelix
0%
Sudowoodo
0%
Sunflora
0%
Sunkern
0%
Swinub
0%
Tangela
0%
Tauros
0%
Teddiursa
0%
Tentacool
0%
Tentacruel
0%
Togekiss
0%
Togepi
0%
Tyranitar
0%
Tyrogue
0%
Umbreon
0%
Unown
0%
Ursaring
0%
Vaporeon
0%
Venomoth
0%
Venonat
0%
Victreebel
0%
Vileplume
0%
Vulpix
0%
Weepinbell
0%
Weezing
0%
Wigglytuff
0%
Wobbuffet
0%
Wooper
0%
Xatu
0%
Yanma
0%
Zubat
0%
No matching quizzes found
Score Distribution
Percent of People with Each Score
Percentile by Number Answered
Your Score History
You have not taken this quiz